000 00954nam2a2200277 4500
001 RU\NLR\bibl\110241
005 20250617091723.0
010 _a5-7684-0615-8
010 _a5-300-02851-7
021 _aRU
_b2000-19953
_9937
035 _a(NLR Aleph) 000107898
090 _a611355
_c611355
100 _a20000928d1999 |||y0rusy50 ca
101 1 _arus
_cfre
102 _aRU
105 _ay |||||||||
200 1 _aКонец людей
_hКн. 3
_iСвидание в аду
_e[Роман]
_vТ. 3
210 _d1999
_aБ. м.
215 _a381, [2] с.
461 0 _1001RU\NLR\bibl\95108
_12001#$aСобрание сочинений$vТ. 3
_9522127
_aДрюон, М. (1918-2009)
_cМ.
_d1999
_fМорис Дрюон
_nТерра
_o[В 12 т.]
_tСобрание сочинений
_y5-7684-0584-4
_vТ. 3
801 0 _aRU
_bNLR
_c20000928
_gPSBO
801 1 _aRU
_bNLR
_c20000928
852 _aNLR
_j2000-3/5133
942 _cBOOK
980 _aNB